000 01055nam a22002057a 4500
999 _c37207
_d37207
003 NALT
005 20220126073946.0
008 s2531 th o tha d
040 _aNALT
086 _aนร 05 3.5 352.4 2532
110 2 _aสำนักนายกรัฐมนตรี.
_9619
_bสำนักงบประมาณ
245 1 0 _aเอกสารงบประมาณ ฉบับที่ 1 รายรับรายจ่ายเปรียบเทียบ ประจำปีงบประมาณ พ.ศ. 2532 /
_cสำนักงบประมาณ.
260 _aกรุงเทพฯ :
_bสำนักงบประมาณ,
_c2531.
300 _a218 หน้า :
_bตาราง ;
_c26 ซม.
650 0 _aงบประมาณ
_zไทย
_y2532
_921768
650 0 _aรายรับรายจ่ายเปรียบเทียบ
_928729
850 _aNALT
942 _cGOV
_2local
998 _bSOPAPORN
_cDAO
_j1020
_k จำเรียง ระวังสำโรง